Responses for Show #5676 - Monday, April 20, 2009

Contestants

[<< previous game]

Anthony Resnick, a law student originally from Butler, Pennsylvania

Stefanie Tomko, a software project manager from Bellevue, Washington

Kevin Joyce, a customer service representative from Leominster, Massachusetts (whose 3-day cash winnings total $111,299)

[next game >>]

Jeopardy! Round responses

BEHIND THE SEUSS-IC
THE CELEBRITY BLING BIZ
NAME THEIR ISLAND CHAIN
SECRET SERVICE CODE NAMES 2009
NOT LITERALLY
FOREIGN LANGUAGE
    $200 18
The Cat in the Hat

Anthony
    $200 26
a clover

Stefanie
    $200 1
the Hawaiian Islands

Stefanie
    $200 7
Celtic

Kevin
    $200 6
gravity

Anthony
    $200 9
shoulder

Stefanie
    $400 19
Green Eggs and Ham

Kevin
    $400 27
Susan Lucci

Anthony
    $400 2
the U.S. Virgin Islands

Stefanie
    $400 14
Renaissance

Anthony
    $400 8
Spider-Man (or Peter Parker)

Stefanie
    $400 10
the Bolshoi

Kevin
    $600 22
Yertle the Turtle

Stefanie
    $600 28
Joan Rivers

Anthony
    $600 3
the Aleutian Islands

Stefanie
    $600 15
Renegade

Anthony
    $600 20
Krazy Glue

Kevin
    $600 11
sensei

Kevin
    $1,500 23
(Stefanie: What is, um, ah! What is Wherever You Go, There You Are?)

Oh, the Places You'll Go!

Stefanie
    $800 29
(Kevin: Who is Shannen Doherty?)

Tori Spelling

KevinStefanie
    $800 4
the Bahamas

Kevin
    $800 16
(Alex: That goes back to the old Dick Van Dyke Show. [*]. [*] pants.)

Capri

Triple Stumper
    $800 21
hundred-dollar bills

Anthony
    $800 12
yeshiva

Kevin
    $1000 24
The Butter Battle Book

Triple Stumper
    $1000 30
Nicole Richie

Anthony
    $1000 5
the Solomons

Triple Stumper
    $1000 17
(Kevin: What is...)
(Alex: [As out-of-time signal sounds] Too much time!]
(Kevin: [*]!)
(Alex: Too much time.)

Rosebud

KevinAnthony
    $1000 25
(Stefanie: What is a toreador?)

a matador

StefanieAnthony
    $1000 13
billabong

Anthony

Scores at the first commercial break (after clue 15):

Kevin Stefanie Anthony
$2,800 $1,800 $2,200

Scores at the end of the Jeopardy! Round:

Kevin Stefanie Anthony
$2,000 $900 $7,200

Double Jeopardy! Round responses

THE OZONE LAYER
FILL IN THE SONG TITLE
BIBLICAL RHYME TIME
LIKE A VIRGIL
MOVERS & SHAKERS
4 "N" LANGUAGE
(Alex: Each correct response will have 4 "N"s in it.)
    $400 25
UV rays

Anthony
    $400 1
"Don't Cry For Me Argentina"

Kevin
    $400 7
Peter's heaters

Triple Stumper
    $400 18
Earp

Stefanie
    $400 12
Arizona

Kevin
    $400 2
ninety-nine

Kevin
    $800 27
chemistry

Stefanie
    $800 16
"I Kissed a Girl"

Kevin
    $800 8
Esau's see-saws

Kevin
    $800 19
Greeks

Kevin
    $800 13
Calcutta

Kevin
    $800 3
transcendental meditation

Kevin
    $1200 28
oxygen

Anthony
    $1200 21
"Since U Been Gone"

Kevin
    $1200 9
Job's globes

Stefanie
    $1200 20
Byron

Anthony
    $1200 14
Italy

Kevin
    $1200 4
bone of contention

Kevin
    $1600 29
chlorofluorocarbons

Stefanie
    $1600 22
"No One"

Triple Stumper
    $1600 10
Lot's knots

Stefanie
    $1600 23
(Kevin: Who is Glenn?)

Virgil "Gus" Grissom

Kevin
Triple Stumper
    $1600 15
Louis XIV

Anthony
    $1600 5
gentleman's gentleman

Triple Stumper
    $2,500 30
the stratosphere

Stefanie
    $2000 26
"Teardrops On My Guitar"

Triple Stumper
    $2000 11
Ruth's truths

Kevin
    $2000 24
Alice Adams

Stefanie
    $5,400 17
(Kevin: What is Panama?)

Nicaragua

Kevin
    $2000 6
tintinnabulation

Kevin

Scores at the end of the Double Jeopardy! Round:

Kevin Stefanie Anthony
$7,800 $11,000 $11,600

[wagering suggestions for these scores]

Final Jeopardy! Round responses

AMERICAN LEGENDS
(Alex: Basically, we're asking which American legend, a person, was big enough to tear up trees.)
KevinWho is Hiawatha?
$3,800
StefanieWho is Paul Bunyan?
$9,800
AnthonyWho is Little Hiawatha?
$10,401
Paul Bunyan

Final scores:

Kevin Stefanie Anthony
$4,000 $20,800 $1,199
2nd place: $2,000 New champion: $20,800 3rd place: $1,000

Game dynamics:

Coryat scores:

Kevin Stefanie Anthony
$13,200 $12,000 $11,600
20 R,
4 W
(including 1 DD)
15 R
(including 1 DD),
2 W
(including 1 DD)
15 R,
0 W

Combined Coryat: $36,800

[game clues] [game scores] [suggest correction]

Game tape date: 2009-02-17
The J! Archive is created by fans, for fans. Scraping, republication, monetization, and malicious use prohibited; this site may use cookies and collect identifying information. See terms. The Jeopardy! game show and all elements thereof, including but not limited to copyright and trademark thereto, are the property of Jeopardy Productions, Inc. and are protected under law. This website is not affiliated with, sponsored by, or operated by Jeopardy Productions, Inc. Join the discussion at JBoard.tv.